Ash handling, disposal and utilization from coal fired fluidized bed boilers : presented at the 1989 Joint Power Generation Conference, Dallas, Texas, October 22-26, 1989

Αποθηκεύτηκε σε:
Λεπτομέρειες βιβλιογραφικής εγγραφής
Συλλογικό Έργο: American Society of Mechanical Engineers Fuels Handling, Transportation and Storage Technical Committee, Joint Power Generation Conference
Άλλοι συγγραφείς: Nechvatal, Timothy (Επιμελητής έκδοσης)
Μορφή: Πρακτικό Συνεδρίου Βιβλίο
Γλώσσα:English
Δημοσίευση: New York : American Society of Mechanical Engineers, c1989
Σειρά:FACT ; 6
Θέματα:
Ετικέτες: Προσθήκη ετικέτας
Δεν υπάρχουν, Καταχωρήστε ετικέτα πρώτοι!

MARC

LEADER 00000cam a2200000 i 4500
001 1/104287
008 950530s1989 eng d
020 |a 0-7918-0378-3 
035 |l 10013203 
040 |a GR-MY-UA  |b gre  |e aacr 
041 0 |a eng 
082 0 |a 621.312132 
245 1 0 |a Ash handling, disposal and utilization from coal fired fluidized bed boilers :  |b presented at the 1989 Joint Power Generation Conference, Dallas, Texas, October 22-26, 1989 /  |c Sponsored by the Fuels Handling, Transportation and Storage Technical Committee of the Fuels and Combustion Technologies Division, ASME ; Edited by T. M. Nechvatal 
260 |a New York :   |b American Society of Mechanical Engineers,   |c c1989 
300 |a v, 37 p.;  |b ill.;  |c 28 cm 
490 1 |a FACT  |v ; 6 
504 |a Includes bibliographical references 
650 0 0 |a Coal-fired power plants  |x Waste disposal  |x Congresses. 
650 0 0 |a Fluidized-bed furnaces  |x Waste disposal  |x Congresses. 
650 0 0 |a Coal ash  |x Congresses. 
650 0 0 |a Ash disposal  |x Congresses. 
700 1 |a Nechvatal, Timothy.  |4 edt 
710 2 |a American Society of Mechanical Engineers  |b Fuels Handling, Transportation and Storage Technical Committee. 
711 2 |a Joint Power Generation Conference  |d (1989  |c : Dallas) 
852 |a INST  |b LESVOS  |e 19950530  |h 621.312132 ASH  |p 005100000378  |q 005100000378  |t BK  |y 0 
909 |a Λ  |b 027570